Sports Quiz

Random Sports or Baseball Quiz

MLB Win Leaders (1990s) Quiz Stats

 Plays Quiz Updated Dec 5, 2018

Support Sporcle.
Go Orange.
Score 0/24 Timer 07:00
7 Plays Today
Wins Pitcher % Correct
150Randy Johnson
90.7%
152Roger Clemens
90.5%
176Greg Maddux
89.3%
164Tom Glavine
86.7%
143John Smoltz
82.3%
118Ramon Martinez
77.3%
141David Cone
53.5%
136Mike Mussina
52.7%
127David Wells
48.9%
143Kevin Brown
37.3%
111Kenny Rogers
28.4%
112Jimmy Key
24.4%
Wins Pitcher % Correct
119Jack McDowell
22.5%
108Doug Drabek
19%
121Charles Nagy
17.8%
135Chuck Finley
16.5%
120Kevin Appier
13.8%
130Scott Erickson
11%
125Andy Benes
8.8%
119John Burkett
7.5%
124Kevin Tapani
6.7%
118Todd Stottlemyre
4.6%
111Tim Belcher
3.2%
109Jaime Navarro
2.3%

From the Vault

Harry Potter Surnames

by Derek

Don't like Harry Potter puns? Too bad, we're Neville gonna stop.
Remove Ads.
Support Sporcle.
Get the best of Sporcle when you Go Orange. This ad-free experience offers more features, more stats, and more fun while also helping to support Sporcle. Thank you for becoming a member.

Show Comments

Extras

Top Quizzes Today


Score Distribution

Your Account Isn't Verified!

In order to create a playlist on Sporcle, you need to verify the email address you used during registration. Go to your Sporcle Settings to finish the process.

Report this User

Report this user for behavior that violates our Community Guidelines.

Details: